| 000 | 00708nam a2200193 a 4500 | ||
|---|---|---|---|
| 005 | 20260312064039.0 | ||
| 008 | 100318s2001 mx r 000 0 spa d | ||
| 020 | _a9686851313 | ||
| 035 | _aUPN01000175225 | ||
| 049 | _aCG | ||
| 050 | 4 |
_aHQ767 _bC3.4 |
|
| 245 | 0 | 0 |
_aCalidoscopio del aborto : _btestimonios, cuentos, artículos periodísticos, ensayos, síntesis, reseñar de libros, investigaciones y estudios para formarse opinión / _cJulián Cruzalta ... [et al.] ; comp. Amparo Espinosa Rugarcía. |
| 260 |
_aMéxico : _bDEMAC, _c2001. |
||
| 300 | _a136 p. | ||
| 650 | 4 |
_aAborto _9246 |
|
| 700 | 1 |
_aCruzalta, Julián, _ecoaut. |
|
| 700 | 1 |
_aEspinosa Rugarcía, Amparo _ecomp. _940637 |
|
| 905 | _aLibro | ||
| 999 |
_c147329 _d147329 |
||